К вопросу о природе радиогеохимических аномалий над залежами нефти и газа; Проблемы и перспективы развития минерально-сырьевой базы и предприятий ТЭК Сибири

Dades bibliogràfiques
Parent link:Проблемы и перспективы развития минерально-сырьевой базы и предприятий ТЭК Сибири.— 2007.— С. 81-84
Autor principal: Гришко А. А.
Altres autors: Соболев И. С. Игорь Станиславович, Рихванов Л. П. Леонид Петрович
Sumari:В фонде НТБ ТПУ отсутствует
Idioma:rus
Publicat: 2007
Matèries:
Format: MixedMaterials Capítol de llibre
KOHA link:https://koha.lib.tpu.ru/cgi-bin/koha/opac-detail.pl?biblionumber=595691

MARC

LEADER 00000naa0a2200000 4500
001 595691
005 20250227124933.0
035 |a (RuTPU)RU\TPU\tpu\17296 
035 |a RU\TPU\tpu\17293 
090 |a 595691 
100 |a 20100315d2007 k y0rusy50 ca 
101 0 |a rus 
102 |a RU 
200 1 |a К вопросу о природе радиогеохимических аномалий над залежами нефти и газа  |f А. А. Гришко, И. С. Соболев, Л. П. Рихванов 
333 |a В фонде НТБ ТПУ отсутствует 
463 |t Проблемы и перспективы развития минерально-сырьевой базы и предприятий ТЭК Сибири  |o материалы межрегиональной научно-практической конференции (Томск, 15-17 мая 2007 года)  |v С. 81-84  |d 2007 
610 1 |a труды учёных ТПУ 
700 1 |a Гришко  |b А. А. 
701 1 |a Соболев  |b И. С.  |c старший научный сотрудник  |c кафедра геоэкологии и геохимии Томского политехнического университета  |g Игорь Станиславович  |3 (RuTPU)RU\TPU\pers\24791 
701 1 |a Рихванов  |b Л. П.  |c российский ученый, геолог  |c профессор Томского политехнического университета, доктор геолого-минералогических наук  |c заслуженный геолог РФ  |c почетный работник высшего образования РФ  |f 1945-  |g Леонид Петрович  |3 (RuTPU)RU\TPU\pers\23187 
801 1 |a RU  |b 63413507  |c 20100315 
801 2 |a RU  |b 63413507  |c 20111227  |g RCR 
942 |c BK